| 000 | 01177nam a22003497a 4500 | ||
|---|---|---|---|
| 003 | CHAP | ||
| 005 | 20220817042101.0 | ||
| 008 | 971013s r 00010 d | ||
| 010 | _a34079 | ||
| 011 | _a35051 | ||
| 035 | _a39167 | ||
| 040 | _cCHAP | ||
| 090 | _aFolleto 856 | ||
| 100 | 0 | 0 |
_aMendoza, Víctor Manuel. _974784 |
| 245 |
_aCultivo del nogal _b: injertos |
||
| 260 |
_aChihuahua, Chih. : _bBanco Agropecuario del Norte, _c(s.a.) |
||
| 300 |
_a49 p. _b: ilus |
||
| 490 |
_aBoletín de divulgación _v; 3 |
||
| 590 |
_aBATCH-UPD _b10 _c20130110 _lUCH01 _h1353 |
||
| 590 |
_aBATCH-UPD _b10 _c20130410 _lUCH01 _h0848 |
||
| 590 |
_aBATCH-UPD _b10 _c20130914 _lUCH01 _h0652 |
||
| 590 |
_aCONVERSION _b10 _c20130109 _lUCH01 _h1319 |
||
| 650 | 1 | 4 |
_aNogal _xInjertos. _981559 |
| 830 | 0 |
_aBoletín de divulgación _v; 3 |
|
| 901 | _aBK | ||
| 942 | _cFOLL | ||
| 949 |
_aFolleto 856 _bBC _cFOLL _d-89420 _eTS1 _i39167 _si |
||
| 949 |
_aFolleto 856 _bBC _cFOLL _d-89421 _eTS2 _fc.2 _i39167 _si |
||
| 949 |
_aFolleto 856 _bBC _cFOLL _d-89422 _eTS2 _fc.3 _i39167 _si |
||
| 949 |
_aFolleto 856 _bBC _cFOLL _d-89423 _eTS2 _fc.4 _i39167 _si |
||
| 949 |
_aFolleto 856 _bBC _cFOLL _d-89424 _eTS1 _fc.5 _i39167 _si |
||
| 999 |
_c34079 _d34079 |
||